| 000 | 01384cam a2200337 a 4500 | ||
|---|---|---|---|
| 001 | EDZ0000063750 | ||
| 003 | StDuBDS | ||
| 005 | 20161031105147.0 | ||
| 006 | m||||||||d|||||||| | ||
| 007 | cr ||||||||||| | ||
| 008 | 120319s2001 caua fo| 001|0|eng|d | ||
| 020 |
_a9781452233666 (ebook) : _cNo price |
||
| 040 |
_aStDuBDS _beng _cStDuBDS _epn |
||
| 049 | _aAlfaisal Main Library | ||
| 050 | 0 |
_aBF76.5 _b.C465 2001 |
|
| 082 | 0 | 4 |
_a150.72 _223 |
| 100 | 1 |
_aCherulnik, Paul D., _d1941- |
|
| 245 | 1 | 0 |
_aMethods for behavioral research _h[electronic resource] : _ba systematic approach / _cPaul D. Cherulnik. |
| 260 |
_aThousand Oaks, Calif. ; _aLondon : _bSAGE, _cc2001. |
||
| 300 |
_a1 online resource (xii, 481 p.) : _bill. |
||
| 520 | 8 | _aProviding both a theoretical understanding of research issues and a nuts-and-bolts guide, this book presents the critical issues in psychological research in a clear and easy-to-read manner. | |
| 521 | _aSpecialized. | ||
| 588 | _aDescription based on print version record. | ||
| 504 | _aIncludes bibliographical references and index. | ||
| 650 | 0 |
_aPsychology _xResearch _xMethodology. |
|
| 655 | 7 |
_aElectronic books. _2local |
|
| 710 | 2 | _aSage eBooks | |
| 776 | 0 | 8 |
_iPrint version : _z9780761921998 |
| 856 | 4 | 0 | _uhttp://ezproxy.alfaisal.edu/login?url=http://sk.sagepub.com/books/methods-for-behavioral-research |
| 942 |
_2lcc _cEBOOKS |
||
| 999 |
_c480661 _d480661 |
||